| 000 | 00493nam a22001577a 4500 | ||
|---|---|---|---|
| 999 |
_c10011 _d10011 |
||
| 003 | GBCCL | ||
| 005 | 20241126110723.0 | ||
| 008 | 240125b ||||| |||| 00| 0 eng d | ||
| 040 | _cgbc | ||
| 082 |
_aVER 262.9 _bEBC |
||
| 245 |
_aEvangelical Baptist Convention dante, 1975 amended upto 2022: _bkiphuhkhiakna dan, 2022 kivaipuakna dan 2022 |
||
| 260 |
_aDorcas hall, New Lamka: _bEvangelical Baptist Convention, _c2022 |
||
| 300 | _a148p. ; | ||
| 650 |
_aEBC _vLaw _913550 |
||
| 942 |
_2ddc _cARCH |
||